Separácia 2-metylbutan-1-olu a 3-metylbutan-1-olu z pribudliny

Enregistré dans:
Détails bibliographiques
Auteur principal: Agócs, Arnold (Auteur)
Autres auteurs: Báleš, Vladimír (Directeur de thèse)
Format: Manuscrit Livre
Langue:slovaque
Publié: 2019
Sujets:
Accès en ligne:http://is.stuba.sk/zp/portal_zp.pl?podrobnosti=142975
Tags: Ajouter un tag
Pas de tags, Soyez le premier à ajouter un tag!

MARC

LEADER 00000ntm a22000003a 4500
001 stuzp74818
003 SK-STU
005 20190601211743.2
007 ta
008 150427s2015----xo-----f-mn---000-0-slo-d
040 |a STU  |b slo 
041 0 |a slo 
100 1 |a Agócs, Arnold  |u 046230  |k Z4  |4 aut  |U FCHPT Ústav chemického a environmentálneho inžinierstva  |T FCHPT Oddelenie chemického a biochemického inžinierstva  |X 63945  |U C6230  |Y 119  |7 63945 
242 0 1 |a Separation of 2-methylbutan-1-ol and  3-methylbutan-1-ol from Fusel Oil by Rectification  |y eng 
245 1 0 |a Separácia 2-metylbutan-1-olu a 3-metylbutan-1-olu z pribudliny 
260 |c 2019 
650 4 |a rektifikácia  |2 slo 
650 4 |a pribudlina  |2 slo 
650 4 |a separácia  |2 slo 
650 4 |a izoamylalkohol  |2 slo 
650 4 |a aktívny amylalkohol  |2 slo 
650 4 |a separation  |2 eng 
650 4 |a distillation  |2 eng 
650 4 |a isoamyl alcohol  |2 eng 
650 4 |a fusel oil  |2 eng 
650 4 |a active amyl alcohol  |2 eng 
700 1 |a Báleš, Vladimír  |u 046230  |k Z1  |4 ths  |U FCHPT Ústav chemického a environmentálneho inžinierstva  |T FCHPT Oddelenie chemického a biochemického inžinierstva  |X 1790  |U C6230  |Y 119  |7 A000001790 
856 4 |u http://is.stuba.sk/zp/portal_zp.pl?podrobnosti=142975